[Event "Helmond Rapid op"]
[Site "Helmond"]
[Date "2023.06.10"]
[Round "3"]
[White "Grooten, Herman"]
[Black "Lysakov, Anton"]
[Result "1-0"]
[WhiteElo "2241"]
[BlackElo "2032"]
[PlyCount "33"]
[EventDate "2023.06.10"]
[EventType "swiss (rapid)"]
[EventRounds "9"]
[EventCountry "NED"]
[SourceTitle "CBM 214 Extra"]
[Source "ChessBase"]
[SourceDate "2023.07.31"]
[SourceVersion "1"]
[SourceVersionDate "2023.07.31"]
[SourceQuality "1"]

1. d4 d5 2. c4 c6 3. Nf3 Nf6 4. g3 Bf5 5. Nc3 Nbd7 6. Bg2 dxc4 7. Nh4 Bg6 8. f4 e6 9. 0-0 Bb4 10. f5 Bxf5 11. Nxf5 exf5 12. Rxf5 0-0 13. e4 Re8 14. e5 Nd5 15. Nxd5 cxd5 16. Bxd5 Re7 17. Bg5 1-0

[Event "Eindhoven WLC op 13th"]
[Site "Eindhoven"]
[Date "2023.05.06"]
[Round "2"]
[White "Lysakov, Anton"]
[Black "Baselmans, Sam"]
[Result "0-1"]
[WhiteElo "2030"]
[BlackElo "2230"]
[PlyCount "46"]
[EventDate "2023.05.05"]
[EventType "swiss"]
[EventRounds "6"]
[EventCountry "NED"]
[SourceTitle "CBM 214 Extra"]
[Source "ChessBase"]
[SourceDate "2023.07.31"]
[SourceVersion "1"]
[SourceVersionDate "2023.07.31"]
[SourceQuality "1"]

1. e4 e5 2. Nf3 Nc6 3. Bc4 Nf6 4. Ng5 d5 5. exd5 Na5 6. Bb5+ c6 7. dxc6 bxc6 8. Bd3 Nd5 9. Ne4 f5 10. Ng3 Qf6 11. Nc3 Nf4 12. Bf1 Bd6 13. d3 0-0 14. Bd2 Qg6 15. Nce2 Bc7 16. Bc3 Nd5 17. Qd2 Nxc3 18. Nxc3 Rb8 19. Rb1 Rd8 20. Qe2 c5 21. Qf3 Nc6 22. Nd5 Ba5+ 23. c3 Qe6 0-1

[Event "Izmailov Memorial op 17th"]
[Site "Tomsk"]
[Date "2013.06.13"]
[Round "3"]
[White "Vasiliev, Maxim"]
[Black "Lysakov, Anton"]
[Result "0-1"]
[WhiteElo "1703"]
[BlackElo "2032"]
[PlyCount "36"]
[EventDate "2013.06.11"]
[EventType "swiss"]
[EventRounds "9"]
[EventCountry "RUS"]
[SourceTitle "CBM 154 Extra"]
[Source "ChessBase"]
[SourceDate "2013.06.25"]
[SourceVersion "2"]
[SourceVersionDate "2013.06.25"]
[SourceQuality "1"]

1. e4 e6 2. d4 d5 3. Nc3 Bb4 4. e5 c5 5. Bd2 Ne7 6. Nb5 0-0 7. Bxb4 cxb4 8. Nd6 Nbc6 9. Nf3 f6 10. Bd3 fxe5 11. dxe5 Nxe5 12. Nxc8 Nxd3+ 13. Qxd3 Rxc8 14. 0-0-0 Ng6 15. h4 Nf4 16. Qe3 Qf6 17. Qxa7 Ra8 18. Qd4 Ne2+ 0-1

[Event "Izmailov Memorial op 17th"]
[Site "Tomsk"]
[Date "2013.06.11"]
[Round "1"]
[White "Aitbayev, Aslan"]
[Black "Lysakov, Anton"]
[Result "1-0"]
[WhiteElo "2418"]
[BlackElo "2032"]
[PlyCount "23"]
[EventDate "2013.06.11"]
[EventType "swiss"]
[EventRounds "9"]
[EventCountry "RUS"]
[SourceTitle "CBM 154 Extra"]
[Source "ChessBase"]
[SourceDate "2013.06.25"]
[SourceVersion "2"]
[SourceVersionDate "2013.06.25"]
[SourceQuality "1"]

1. e4 e6 2. d4 d5 3. Nd2 c5 4. Ngf3 Nc6 5. Bb5 Nf6 6. exd5 Nxd5 7. 0-0 Bd6 8. Ne4 cxd4 9. Nxd4 Qc7 10. Nxd6+ Qxd6 11. c4 Nde7 12. Nxc6 1-0